LEADER 00465nab a2200145 i 4500 001 000000317049 003 CaOOAMICUS 005 20180831173221.0 008 180831n xx uu u0 0und r 013 $a26129 040 $aSeMil$bita 100 1 $aOberti, Armando.$0(OLS)http://semarc/name/15586 245 13$aIl rapporto tra Schuster e Lazzati. 773 0 $t[Gennaio-Dicembre].$g541-565$w()273991 996 $6245$aIl rapporto tra Schuster e Lazzati$9(OLS)http://semarc/title/391033 LEADER 01002nam a2200277 i 4500 001 000000137241 003 CaOOAMICUS 005 20211008160735.0 008 050411s1993 it u000 u ita u 013 $a111014 020 $a88-452-2102-4 040 $aSeMil$bita 100 1 $aYourcenar, Marguerite,$d<1903-1987>.$0(OLS)http://semarc/name/1233 240 10$aFeux.$0(OLS)http://semarc/title/200512 245 10$aFuochi /$cMarguerite Yourcenar. 260 $aMilano :$bBompiani,$c1993. 300 $aXIV, 109 p. ;$c19 cm. 490 0 $aI grandi tascabili ;$v303 830 2$aI grandi tascabili ;$v303.$0(OLS)http://semarc/title/7399 850 $aSeMil 852 $aSeMil$W1$xVenegono$y1$m1W II 218$j270875$B90795$CSeMilBibl$Z2$F95707 $81 961 $aOmaggio: Altro 996 $6020$a88-452-2102-4$9(OLS)http://semarc/number/124913 996 $6245$aFuochi$9(OLS)http://semarc/title/6315 996 $6260$aMilano :$bBompiani$9(OLS)http://semarc/publisher/29706